000 00702nam a22002055i 4500
001 155909
003 ES-MaACL
005 20250825091948.0
008 940202s1866 sp |||| | lat d
040 _aCAM
_bspa
245 0 0 _aIndex librorum prohibitorum Sanctissimi Domini Gregorii XVI... jussu editus.
250 _aEditio hispana
_baccurante Leone Carbonero et Sol.
260 _aHispali [Sevilla] :
_b[s.n.],
_c1866 (
_fTypys Antonii Izquierdo)
300 _aL, 445 p., 3 h. ;
_c21 cm.
650 7 _aLibros prohibidos
_2embne
_9136415
700 1 1 _aIzquierdo, Antonio,
_eed.
_965698
752 _aEspaƱa -
_dSevilla
852 _aES-MaACL
_jG-8336
_z-- Enc. hol.
999 _c155909
_d155909